The pageant of Greece (Record no. 373471)
[ view plain ]
| 000 -LEADER | |
|---|---|
| fixed length control field | 00329cam a22001217a 4500 |
| 008 - FIXED-LENGTH DATA ELEMENTS--GENERAL INFORMATION | |
| fixed length control field | 180718b1923 xxu||||| |||| 00| 0 eng d |
| 082 ## - DEWEY DECIMAL CLASSIFICATION NUMBER | |
| Classification number | B11x38 L763 |
| 245 ## - TITLE STATEMENT | |
| Title | The pageant of Greece |
| Statement of responsibility, etc. | edited by R.W. Livingstone |
| 260 ## - PUBLICATION, DISTRIBUTION, ETC. | |
| Place of publication, distribution, etc. | London |
| Name of publisher, distributor, etc. | OUP |
| Date of publication, distribution, etc. | 1923 |
| 300 ## - PHYSICAL DESCRIPTION | |
| Extent | 436p. |
| 650 ## - SUBJECT ADDED ENTRY--TOPICAL TERM | |
| Topical term or geographic name entry element | Civilization, Greek |
| 700 ## - ADDED ENTRY--PERSONAL NAME | |
| Personal name | Livingstone, R.W. |
No items available.
